000 00346nam a2200145Ia 4500
008 150301s2012 xx 000 0 und d
082 _a615
_bC12B
100 _aBATTISTA, ELISABETTA
245 _aCRASH COURSE PHARMACOLOGY
250 _a4TH
260 _bMOSBY
_aEDINBURGH
_c2012
300 _a236
650 _aPHARMACOLOGY
942 _2ddc
_cBK
_04
999 _c6712
_d6712